Schnelles und präzises Klicken - Sudden Death - Statistiken

Allgemein
  • Dieses Quiz wurde 334 mal gespielt
  • Das Durchschnittsergebnis liegt bei 47 aus 72
Answers on the Grid
Answers color-coded by a green-red scale on the quiz's grid according to % correct below.
O
O
O
O
O
O
O
O
O
O
O
O
O
O
O
O
O
O
O
O
O
O
O
O
O
O
O
O
O
O
O
O
O
O
O
O
O
O
O
O
O
O
O
O
O
O
O
O
O
O
O
O
O
O
O
O
O
O
O
O
O
O
O
O
O
O
O
O
O
O
O
O
X
X
X
X
X
X
X
X
X
X
X
X
X
X
X
X
X
X
X
X
X
X
X
X
X
X
X
X
X
X
X
X
X
X
X
X
X
X
X
X
X
X
X
X
X
X
X
X
X
X
X
X
X
X
X
X
X
X
X
X
X
X
X
X
X
X
X
X
X
X
X
X
 
Antwortstatistiken
Antwort % Korrekt
O
72%
O
72%
O
72%
O
71%
O
71%
O
71%
O
70%
O
70%
O
70%
O
70%
O
70%
O
69%
O
69%
O
69%
O
69%
O
68%
O
68%
O
68%
O
68%
O
68%
O
68%
O
68%
O
68%
O
68%
O
67%
O
67%
O
67%
O
67%
O
66%
O
66%
O
66%
O
66%
O
66%
O
66%
O
65%
O
65%
O
65%
O
65%
O
65%
O
65%
O
65%
O
65%
O
65%
O
65%
O
64%
O
64%
O
64%
O
64%
O
64%
O
64%
O
64%
O
64%
O
64%
O
64%
O
64%
O
63%
O
63%
O
63%
O
63%
O
63%
O
63%
O
63%
O
62%
O
62%
O
62%
O
62%
O
62%
O
62%
O
61%
O
61%
O
61%
O
60%
Keine übereinstimmenden Quizze gefunden
Verteilung der Resultate
Anzahl Personen mit jedem Resultat
Perzentil nach korrekt beantworteten Fragen
Ihre Resultats-Entwicklung
Sie haben dieses Quiz noch nicht gespielt